| 000 | 00590nam a22001817a 4500 | ||
|---|---|---|---|
| 005 | 20231121114246.0 | ||
| 008 | 231121b |||||||| |||| 00| 0 eng d | ||
| 020 | _a9780702184802 | ||
| 041 | _aEnglish | ||
| 082 | _a342.8 LIE | ||
| 100 |
_aLiebenberg, S _lEnglish |
||
| 245 |
_aSocio-Economic Rights : _badjudication under the transformative constitution / _cS Liebenberg |
||
| 250 | _aFirst edition | ||
| 260 |
_aCape Town : _bJuta and Company Ltd, _c2010 |
||
| 300 |
_bxxv, 541pages ; _c25,4 cm. |
||
| 650 |
_aLegal practice _bLaw |
||
| 942 |
_cBK _6ALISON_BN_VRIES |
||
| 999 |
_c837 _d837 |
||